Moderné prístupy k manažmentu podniku = Modern Approaches to Corporate Management : Zborník príspevkov zo 16. medzinárodnej vedeckej konferencie. Bratislava, Slovak Republic, 13.-14.9.2006

Saved in:
Bibliographic Details
Corporate Author: Medzinárodná vedecká konferencia Bratislava
Format: Conference Proceeding Book
Published: Bratislava : STU v Bratislave, 2006
Subjects:
Tags: Add Tag
No Tags, Be the first to tag this record!

MARC

LEADER 00000nam a22000003a 4500
001 stu130250
005 20150408163242.4
008 061123s2006----xo----------------------d
020 |a 80-227-2509-9 
040 |a STU  |b slo 
041 0
044 |a xo 
111 2 |a Medzinárodná vedecká konferencia  |n (16. :  |d 13.-14.9.2006 :  |c Bratislava) 
245 |a Moderné prístupy k manažmentu podniku = Modern Approaches to Corporate Management :  |b Zborník príspevkov zo 16. medzinárodnej vedeckej konferencie. Bratislava, Slovak Republic, 13.-14.9.2006 
260 |a Bratislava :  |b STU v Bratislave,  |c 2006 
300 |a 1 CD-ROM 
650 7 |a podnikový manažment  |2 stusub 
996 |b 284M075017  |c M*CD-942  |l MMKN  |s A  |a 24  |w stu130250_0001